Library Banner
Normal view MARC view

Entry Corporate Name

Number of records used in: 1

001 - CONTROL NUMBER

  • control field: 2663

003 - CONTROL NUMBER IDENTIFIER

  • control field: PK-LaUMT

005 - DATE AND TIME OF LATEST TRANSACTION

  • control field: 20241008111623.0

008 - FIXED-LENGTH DATA ELEMENTS

  • fixed length control field: 241008|| aca||aabn | a|a d

040 ## - CATALOGING SOURCE

  • Original cataloging agency: PK-LaUMT
  • Transcribing agency: PK-LaUMT

110 ## - HEADING--CORPORATE NAME

  • Corporate name or jurisdiction name as entry element: Trishna Knowledge Systems

670 ## - SOURCE DATA FOUND

  • Source citation: Work cat.: (PK-LaUMT)103980: Trishna Knowledge Systems, GATE (graduate aptitude test in engineering) mechanical engineering /, 2017